000 00366nam a22001457a 4500
003 OSt
005 20211209164443.0
008 211209b |||||||| |||| 00| 0 eng d
040 _cHU
082 _a370.15/23ROG 1983
100 _aROGERS CAEL.R
_922478
245 _aCarl Rogers Freedom To Learn For The 80`s
300 _aViii312p
_bpc
_c24cm
942 _2ddc
_cBOOKS
_n0
999 _c22141
_d22141